Normal view
MARC view
- Africa--History
Entry Topical Term
001 - CONTROL NUMBER
- control field: 6173
003 - CONTROL NUMBER IDENTIFIER
- control field: JO-AjAnu
005 - DATE AND TIME OF LATEST TRANSACTION
- control field: 20230606071312.0
008 - FIXED-LENGTH DATA ELEMENTS
- fixed length control field: 230606|| aca||aabn | a|a d
040 ## - CATALOGING SOURCE
- Original cataloging agency: JO-AjAnu
- Transcribing agency: JO-AjAnu
150 ## - HEADING--TOPICAL TERM
- Topical term or geographic name entry element: Africa--History
670 ## - SOURCE DATA FOUND
- Source citation: Work cat.: (JO-AjAnu)3199: Asante, Molefi Kete, author 6172, The History of Africa: The Quest For Eternal Harmony